A first course in calculus/ (Record no. 7748)
| 000 -BAŞLIK | |
|---|---|
| Sabit Uzunluktaki Kontrol Alanı | 00875nam a22003017a 4500 |
| 001 - KONTROL NUMARASI | |
| Control Dosyası | 0007771 |
| 003 - KONTROL NUMARASI KİMLİĞİ | |
| Kontrol Alanı | KOHA_MİRAKIL |
| 005 - EN SON İŞLEM TARİHİ ve ZAMANI | |
| Kontrol Alanı | 20260207001610.0 |
| 007 - FİZİKSEL TANIM SABİT ALAN - GENEL BİLGİ | |
| Sabit uzunluklu kontrol alanı | ta |
| 008 - SABİT UZUNLUKTAKİ VERİ ÖGELERİ - GENEL BİLGİ | |
| Sabit Alan | 091005b1969 us |||gr||||#||||0|eng | |
| 040 ## - KATALOGLAMA KAYNAĞI | |
| Özgün Kataloglama Kurumu | TR-BiSEU |
| Kataloglama Dili | tur |
| Çeviri Kurumu | TR-BiSEU |
| Açıklama Kuralları | rda |
| 041 0# - DİL KODU | |
| Metin ya da ses kaydının dil kodu | eng |
| 044 ## - YAYINLAYAN/ÜRETEN KURULUŞUN ÜLKE KODU | |
| ISO country code | us |
| 050 ## - SINIFLAMA ve YER NUMARASI | |
| Sınıflama Numarası | QA303 |
| Yer Numarası | .L36 1969 |
| 100 1# - KİŞİ ADI | |
| Yazar Adı (Kişi adı) | Lang, Serge. |
| 245 12 - ESER ADI BİLDİRİMİ | |
| Başlık | A first course in calculus/ |
| Sorumluluk Bildirimi | Serge Lang ; Serge Lang. |
| 250 ## - BASIM BİLDİRİMİ | |
| Basım Bildirimi | 2. bs. |
| 264 #1 - ÜRERİM, YAYIN, DAĞITIM ve TELİF BİLDİRİMİ | |
| Yayın yeri | Reading, Massachusetts : |
| Yayınlayan | Addison-Wesley |
| Yayın tarihi | 1969 |
| 300 ## - FİZİKSEL TANIMLAMA | |
| Sayfa, Cilt vb. | xiv, 316, [20] sayfa: resimli |
| 336 ## - İÇERİK TÜRÜ | |
| Content type term | metin |
| Content type code | txt |
| Source | rdacontent |
| 337 ## - MEDYA TÜRÜ | |
| Media type term | aracısız |
| Media type code | n |
| Source | rdamedia |
| 338 ## - TAŞIYICI TÜRÜ | |
| Carrier type term | cilt |
| Carrier type code | nc |
| Source | rdacarrier |
| 490 0# - DİZİ BİLDİRİMİ | |
| Dizi Bildirimi | Addison-Wesley world student series edition |
| 500 ## - GENEL NOT | |
| Genel Not | Dizin var. |
| 650 #0 - KONU BAŞLIĞI EK GİRİŞ - KONU TERİMİ | |
| Konusal terim veya coğrafi ad | Hesap. |
| 9 (RLIN) | 2068 |
| 830 0# - SERİ EK GİRİŞİ - TEKBİÇİM ESER ADI | |
| Tekbiçim Başlık | Addison-Wesley world student series edition |
| 9 (RLIN) | 19314 |
| 942 ## - EK GİRİŞ ÖGELERİ (KOHA) | |
| Source of classification or shelving scheme | Library of Congress Classification |
| Koha item type | Book |
| Materyal Türü | Kalıcı Konum | Mevcut Konum | Raf Yeri | Sınıflandırma Kaynağı | Edinim Bilgisi | Ana Konular | Alt Konular | Yer Numarası | Demirbaş Numarası | Fatura Tarihi | Maliyet, Alış Fiyatı | Maliyet, Yenileme Fiyatı | Geri Çekilme Durumu | Kayıp Durumu | Hasarlı Durumu | Kredi için değil | Kayıt Tarih | Toplam Ödünçverme | Son Görülme Tarihi | Son Kontrol Tarihi | Genel / Bağış Notu |
|---|---|---|---|---|---|---|---|---|---|---|---|---|---|---|---|---|---|---|---|---|---|
| Book | Prof. Dr. Azmi Özcan Kütüphanesi | Prof. Dr. Azmi Özcan Kütüphanesi | Birûni Salonu | Library of Congress Classification | Bağış | BİLİM | Matematik | QA303 .L36 1969 | 0007771 | 13/08/2010 | 1.00 | 1.00 | 05/10/2009 | 05/12/2024 | 05/12/2024 | Boğaziçi Üniversitesi |
